What's in store (Record no. 105183)
[ view plain ]
| 000 -LEADER | |
|---|---|
| fixed length control field | 01112cam a2200277 4500 |
| 001 - CONTROL NUMBER | |
| control field | ##L132551 |
| 008 - FIXED-LENGTH DATA ELEMENTS--GENERAL INFORMATION | |
| fixed length control field | 060217n2005 000 0 eng u |
| 020 ## - INTERNATIONAL STANDARD BOOK NUMBER | |
| International Standard Book Number | 190311554X |
| 035 ## - SYSTEM CONTROL NUMBER | |
| System control number | (Sirsi) u132551 |
| 041 0# - LANGUAGE CODE | |
| Language code of text/sound track or separate title | eng |
| 050 04 - LIBRARY OF CONGRESS CALL NUMBER | |
| Classification number | 711.552 $2 18 |
| 110 2# - MAIN ENTRY--CORPORATE NAME | |
| Corporate name or jurisdiction name as entry element | British Council of Shopping Centres |
| 9 (RLIN) | 1982 |
| 245 00 - TITLE STATEMENT | |
| Title | What's in store |
| Remainder of title | inside retail property to the year 2020 |
| 260 ## - PUBLICATION, DISTRIBUTION, ETC. | |
| Place of publication, distribution, etc. | Crawley |
| Name of publisher, distributor, etc. | William Reed Publishing Ltd |
| Date of publication, distribution, etc. | 2005 |
| 300 ## - PHYSICAL DESCRIPTION | |
| Extent | 58p |
| Other physical details | ill |
| Dimensions | 30cm |
| 350 ## - PRICE (NR) (BK AM CF MU VM SE) [OBSOLETE] | |
| Price | 80 |
| 520 ## - SUMMARY, ETC. | |
| Summary, etc. | Looks at the shopping centre in the year 2020. Provides an overview on the subject, and then discusses the future from the standpoints of economic developments, transport, service, regeneration, demographics, design, the challenge from the internet, the shopping experience, technological developments, marketing, investment, refurbishment and strategy. |
| 690 ## - LOCAL SUBJECT ADDED ENTRY--TOPICAL TERM (OCLC, RLIN) | |
| Topical term or geographic name as entry element | PROPERTY-COMMERCIAL PROPERTY-RETAIL PROPERTY |
| 700 1# - ADDED ENTRY--PERSONAL NAME | |
| Personal name | Dunn, John |
| 700 1# - ADDED ENTRY--PERSONAL NAME | |
| Personal name | Gregory, Helen |
| 700 1# - ADDED ENTRY--PERSONAL NAME | |
| Personal name | Cavanagh, Elaine |
| 700 1# - ADDED ENTRY--PERSONAL NAME | |
| Personal name | West, Tracy |
| 700 1# - ADDED ENTRY--PERSONAL NAME | |
| Personal name | Williams, Eric |
| 700 1# - ADDED ENTRY--PERSONAL NAME | |
| Personal name | Taplin, Michael |
| 942 ## - ADDED ENTRY ELEMENTS (KOHA) | |
| Suppress in OPAC | 0 |
| Withdrawn status | Lost status | Source of classification or shelving scheme | Damaged status | Not for loan | Home library | Current library | Shelving location | Date acquired | Cost, normal purchase price | Total Checkouts | Full call number | Barcode | Date last seen | Date last checked out | Copy number | Cost, replacement price | Price effective from | Koha item type |
|---|---|---|---|---|---|---|---|---|---|---|---|---|---|---|---|---|---|---|
| Dewey Decimal Classification | London | London | Books | 06/03/2006 | 80.00 | 2 | F711.552 BRI | 30072781 | 06/08/2019 | 12/04/2007 | 1 | 80.00 | 06/08/2019 | Book |